Zbiór Aleksandra Czołowskiego

Titel: Zbiór Aleksandra Czołowskiego / opracował Konrad Rzemieniecki
Beteiligt:
Veröffentlicht: Wrocław : Zakład Narodowy im. Ossolińskich, 2015
Umfang: XXIV, 378 Seiten : Illustrationen
Format: Buch
Sprache: Polnisch
Schriftenreihe/
mehrbändiges Werk:
Informator o polonikach w zbiorach re̜kopiśmiennych Lwowskiej Narodowej Naukowej Biblioteki Ukrainy im. Wasyla Stefanyka / oprac. Maciej Matwijów ... ; Część 2
alle Bände anzeigen
Schlagworte:
ISBN: 9788361056805
Buchumschlag
X
Lokale Klassifikation: 37 4 C ; 37 8 L 1
alg: 37382391
001A    $03004:07-03-16 
001B    $01999:09-06-23 $t22:53:44.000 
001C    $03004:07-03-16 $t15:37:43.000 
001D    $03004:07-03-16 
001U    $0utf8 
001X    $00 
002@    $0AFu 
002C    $aText $btxt $2rdacontent 
002D    $aohne Hilfsmittel zu benutzen $bn $2rdamedia 
002E    $aBand $bnc $2rdacarrier 
003@    $0373823916 
003O    $0944024824 $aOCoLC 
004A    $A978-83-61056-80-5 
007A    $0373823916 $aHEB 
007G    $0DE020C3E95BE7D2ECD121C1257F72004CCF7F 
009P    $qapplication/pdf $A2 $3Inhaltsverzeichnis $uhttp://scans.hebis.de/HEBCGI/show.pl?37382391_toc.pdf $mV:DE-603;B:DE-Mb50 
010@    $apol 
010E    $erda 
011@    $a2015 
021A    $aZbiór Aleksandra Czołowskiego $hopracował Konrad Rzemieniecki 
028C    $BZusammenstellender $#Žemenecʹkyj, K. $#Žemenecʹkyj, Konrad $4com $71063796318 $8Rzemieniecki, Konrad [Tp3] $9351661832 
033A    $pWrocław $nZakład Narodowy im. Ossolińskich 
034D    $aXXIV, 378 Seiten 
034M    $aIllustrationen 
036C    $aInformator o polonikach w zbiorach re̜kopiśmiennych Lwowskiej Narodowej Naukowej Biblioteki Ukrainy im. Wasyla Stefanyka $x12 $hoprac. Maciej Matwijów ... $lCzęść 2 
036D    $x12 $8Informator o polonikach w zbiorach re̜kopiśmiennych Lwowskiej Narodowej Naukowej Biblioteki Ukrainy im. Wasyla Stefanyka / oprac. Maciej Matwijów ... $9226442969 
044K    $#Czołowski-Sas, Aleksander $#Sas, Aleksander Czołowski- $#Čolovsʹkyj, Aleksander $#Čolovskij, Aleksandr $7133654753 $8Czołowski, Aleksander$Z1865-1944 [Tp1] $9192482998 
045F    $a020.94386 $eDDC23BSB 
045F/01 $a020 
045F/03 $g4386 

lok: 37382391 24
101B    $007-03-16 $t15:38:25.000 
101C    $007-03-16 
101U    $0utf8 
145Z/01 $a37 4 C 
145Z/02 $a37 8 L 1 

exp: 37382391 24 1 #EPN
201B/01 $007-03-16 $t15:38:25.000 
201C/01 $007-03-16 
201U/01 $0utf8 
203@/01 $0769383904 
208@/01 $a07-03-16 $bz 
209A/01 $a16.00765 $du $f050 $h16 00765 $x00 
209C/01 $a16.00765 K $h16 00765 K 
209G/01 $a73718856 $x00 
220C/01 $awal 
244Z/01 $#Czołowski-Sas, Aleksander $#Sas, Aleksander Czołowski- $#Čolovsʹkyj, Aleksander $#Čolovskij, Aleksandr $7133654753 $8--Tp1--Czołowski, Aleksander$Z1865-1944 $x01 $9192482998 
247C/01 $8358050-7 Marburg, Bibliothek des Herder-Instituts Marburg $9102600961 

lok: 37382391 78

exp: 37382391 78 1 #EPN
201B/01 $015-08-22 $t13:02:44.000 
201C/01 $015-08-22 
201U/01 $0utf8 
203@/01 $01212408799 
208@/01 $a15-08-22 $be 
209A/01 $a/ $f000 $x00 
209A/01 $ab*p $x01 
220C/01 $apgar 
244Z/01 $#Generalgouvernement Polen $#Polska $#Rzeczpospolita Polska $#Polska Rzeczpospolita Ludowa $#Poland $#Pologne $#République Polonaise $#Generalne Gubernatorstwo w Polsce $#Polish People's Republic $#Polska Rzeczpospolita Polen $#PRL $#RP $#Polen Generalgouvernement $#Polska Generalgouvernement $#Besetzte Polnische Gebiete $#Besetztes Gebiet in Polen $#Okupowane Polskie Obszary $#Obszary Okupowane w Polsce $#Volksrepublik Polen $#Polska Rosyjska $#Republic Polen $#Respublika Pol'ša $#Pol'skaja Narodnaja Respublika $#République de Pologne $#Polen Links der Weichsel $#Polska po Lewej Stronie Wisły $#Lenkija $#Polija $#Gubernija Carstva Pol'skago $#Republik Polen $74046496-9 $8--Tg1--Polen $x01 $9085129801 
247C/01 $82080>Marburg/Lahn, Herder-Institut, Forschungsbibliothek, Bibliographieportal $9336309341
LEADER 00000cam a2200000 cb4500
001 373823916
003 DE-603
005 20230609225344.0
007 tu
008 160307s2015 xx |||| | u00||u|pol c
020 |a 9788361056805 
035 |a (DE-599)HEB373823916 
035 |a (OCoLC)944024824 
040 |a DE-603  |b ger  |c DE-603  |d DE-603  |e rda 
041 |a pol 
082 0 4 |8 1\u  |a 020.94386  |q DE-101  |2 23/BSB 
085 |8 1\u  |b 020 
085 |8 1\u  |z 2  |s 4386 
245 0 0 |a Zbiór Aleksandra Czołowskiego  |c opracował Konrad Rzemieniecki 
264 1 |a Wrocław  |b Zakład Narodowy im. Ossolińskich  |c 2015 
300 |a XXIV, 378 Seiten  |b Illustrationen 
336 |a Text  |b txt  |2 rdacontent 
337 |a ohne Hilfsmittel zu benutzen  |b n  |2 rdamedia 
338 |a Band  |b nc  |2 rdacarrier 
490 1 |a Informator o polonikach w zbiorach re̜kopiśmiennych Lwowskiej Narodowej Naukowej Biblioteki Ukrainy im. Wasyla Stefanyka / oprac. Maciej Matwijów ...  |v Część 2 
600 1 7 |a Czołowski, Aleksander  |d 1865-1944  |0 (DE-588)133654753  |0 (DE-603)192482998  |2 gnd 
700 1 |a Rzemieniecki, Konrad  |e Zusammenstellender  |4 com  |0 (DE-603)351661832  |0 (DE-588)1063796318  |2 gnd 
830 0 |a Informator o polonikach w zbiorach re̜kopiśmiennych Lwowskiej Narodowej Naukowej Biblioteki Ukrainy im. Wasyla Stefanyka  |v Część 2  |w (DE-603)226442969  |9 12  |7 am 
856 4 2 |m V:DE-603;B:DE-Mb50  |q application/pdf  |u http://scans.hebis.de/HEBCGI/show.pl?37382391_toc.pdf  |3 Inhaltsverzeichnis 
924 0 |9 Mb 50  |a (DE-603)769383904  |b DE-Mb50  |c HES  |d c  |g 16.00765 
924 0 |9 2080  |a (DE-603)1212408799  |b DE-2080  |c HES  |d d  |g /